[Event "Feffernitz Raika op 22nd"]
[Site "Feffernitz"]
[Date "2013.08.25"]
[Round "9"]
[White "Mostoegl, Konrad"]
[Black "Dieli, Riccardo"]
[Result "0-1"]
[WhiteElo "1997"]
[BlackElo "1853"]
[PlyCount "107"]
[EventDate "2013.08.18"]
[EventType "swiss"]
[EventRounds "9"]
[EventCountry "AUT"]
[SourceTitle "CBM 156 Extra"]
[Source "ChessBase"]
[SourceDate "2013.10.22"]
[SourceVersion "1"]
[SourceVersionDate "2013.10.22"]
[SourceQuality "1"]

1. c4 c5 2. Nf3 g6 3. e3 Bg7 4. Be2 Nf6 5. 0-0 0-0 6. Qc2 Nc6 7. a3 b6 8. b3 Bb7 9. Bb2 a6 10. d3 Qc7 11. Nbd2 d6 12. Rac1 e5 13. d4 cxd4 14. exd4 Rac8 15. d5 Nd4 16. Bxd4 exd4 17. Nxd4 Nd7 18. N2f3 Bh6 19. Rcd1 b5 20. g3 bxc4 21. bxc4 Rfe8 22. Nb3 Re7 23. Bd3 Bxd5 24. cxd5 Qxc2 25. Bxc2 Rxc2 26. Nbd4 Rc3 27. a4 Re4 28. Rfe1 Nc5 29. a5 Kf8 30. Kg2 Bg7 31. Nc6 Rc2 32. Ng5 Rxe1 33. Rxe1 h6 34. Rb1 Rb2 35. Rxb2 Bxb2 36. Nf3 Ne4 37. Nb8 Bc3 38. Nxa6 Bxa5 39. Nd4 Bb6 40. f3 Nf6 41. Nb5 Bc5 42. Nbc7 Ke7 43. g4 Bb6 44. h4 g5 45. f4 gxh4 46. Kh3 Kd7 47. Nb5 Nxd5 48. Kxh4 Kc6 49. Na3 Nxf4 50. Nb8+ Kb7 51. Nd7 Bd8+ 52. Kg3 Ng6 53. Nc4 Kc7 54. Nb8 0-1

[Event "Brescia Province-ch"]
[Site "Ghedi"]
[Date "2013.01.27"]
[Round "3"]
[White "Dieli, Riccardo"]
[Black "Mondal, Prince"]
[Result "0-1"]
[WhiteElo "1862"]
[BlackElo "1938"]
[PlyCount "90"]
[EventDate "2013.01.26"]
[EventType "swiss"]
[EventRounds "6"]
[EventCountry "ITA"]
[SourceTitle "EXT 2014"]
[Source "ChessBase"]
[SourceDate "2013.11.20"]
[SourceVersion "1"]
[SourceVersionDate "2013.11.20"]
[SourceQuality "1"]

1. Nf3 Nf6 2. d4 g6 3. Nc3 d5 4. g3 Bg7 5. Bg2 0-0 6. 0-0 c6 7. Re1 Ne4 8. Nxe4 dxe4 9. Ng5 f5 10. c3 Qb6 11. b4 Qd8 12. Qb3+ Qd5 13. Qxd5+ cxd5 14. a4 h6 15. Nh3 Be6 16. Ba3 Nd7 17. b5 Bf6 18. a5 g5 19. f3 Rfc8 20. Bb4 Rc4 21. e3 exf3 22. Bf1 Rcc8 23. Nf2 h5 24. Nd3 Bf7 25. Kf2 g4 26. Rec1 b6 27. Nf4 Bg5 28. Ra2 Nf6 29. Bd3 Ne4+ 30. Bxe4 dxe4 31. Rd2 Bc4 32. Ng6 Rc7 33. Ra1 Rb8 34. axb6 axb6 35. d5 Rd8 36. Ra6 Bxd5 37. Rxb6 e6 38. Ne5 h4 39. c4 hxg3+ 40. hxg3 Bf6 41. Nxg4 fxg4 42. cxd5 Rh7 43. Kg1 Bg5 44. Kf1 Bxe3 45. dxe6 Rh1# 0-1

[Event "Arco op 34th"]
[Site "Arco"]
[Date "2012.10.20"]
[Round "8"]
[White "Weinberg, Emanuele"]
[Black "Dieli, Riccardo"]
[Result "0-1"]
[WhiteElo "1795"]
[BlackElo "1839"]
[PlyCount "92"]
[EventDate "2012.10.13"]
[EventType "swiss"]
[EventRounds "9"]
[EventCountry "ITA"]
[SourceTitle "EXT 2013"]
[Source "ChessBase"]
[SourceDate "2012.11.22"]
[SourceVersion "1"]
[SourceVersionDate "2012.11.22"]
[SourceQuality "1"]

1. d4 Nf6 2. c4 c5 3. d5 b5 4. cxb5 a6 5. Nc3 g6 6. e4 d6 7. Nf3 Bg7 8. Be2 0-0 9. 0-0 Nbd7 10. Qc2 axb5 11. Bxb5 Ba6 12. a4 Ne8 13. Bd2 Nc7 14. Bxa6 Rxa6 15. Rab1 Qa8 16. b4 cxb4 17. Rxb4 Nc5 18. Nb5 Nxb5 19. axb5 Ra2 20. Qb1 f5 21. Be3 Nxe4 22. Bd4 Qxd5 23. Bxg7 Kxg7 24. Rb2 Rxb2 25. Qxb2+ e5 26. h3 Rb8 27. b6 Kf6 28. Rc1 Qb7 29. Rb1 Qc6 30. Ne1 Nc5 31. f4 Na4 32. fxe5+ dxe5 33. Qa1 Rxb6 34. Rc1 Qb5 35. Nf3 Re6 36. Rb1 Qc5+ 37. Kh2 Nb6 38. Rc1 Qd6 39. h4 h6 40. Rd1 Qe7 41. Qb2 Kg7 42. Kh3 Qf6 43. Rc1 g5 44. hxg5 hxg5 45. g4 fxg4+ 46. Kxg4 Qf4+ 0-1

[Event "Arco op 34th"]
[Site "Arco"]
[Date "2012.10.17"]
[Round "5"]
[White "Dieli, Riccardo"]
[Black "Kierzek, Mira"]
[Result "1/2-1/2"]
[WhiteElo "1839"]
[BlackElo "2018"]
[PlyCount "74"]
[EventDate "2012.10.13"]
[EventType "swiss"]
[EventRounds "9"]
[EventCountry "ITA"]
[SourceTitle "EXT 2013"]
[Source "ChessBase"]
[SourceDate "2012.11.22"]
[SourceVersion "1"]
[SourceVersionDate "2012.11.22"]
[SourceQuality "1"]

1. Nf3 d5 2. c4 d4 3. g3 Nc6 4. Bg2 e5 5. d3 Nf6 6. 0-0 Nd7 7. a3 a5 8. e3 Nc5 9. exd4 exd4 10. Re1+ Be7 11. Bg5 f6 12. Bf4 0-0 13. h3 Bf5 14. Bf1 g5 15. g4 Bg6 16. Bg3 Qd7 17. Nbd2 Bxd3 18. Nb3 Bxf1 19. Kxf1 Rad8 20. Nbxd4 Nxd4 21. Qxd4 Qc6 22. Qe3 Rfe8 23. Ng1 Bd6 24. Qf3 Ne4 25. Kg2 Bxg3 26. fxg3 Qxc4 27. Re2 Rd3 28. Rc1 Qd5 29. Qf5 Rxg3+ 30. Kh2 Qd3 31. Rxe4 Rd8 32. Qe6+ Kf8 33. Qxf6+ Kg8 34. Qxg5+ Kh8 35. Qf6+ Kg8 36. Qe6+ Kh8 37. Qf6+ Kg8 1/2-1/2

[Event "Arco op 34th"]
[Site "Arco"]
[Date "2012.10.15"]
[Round "3"]
[White "Casagrande, Fabio"]
[Black "Dieli, Riccardo"]
[Result "0-1"]
[WhiteElo "1981"]
[BlackElo "1839"]
[PlyCount "100"]
[EventDate "2012.10.13"]
[EventType "swiss"]
[EventRounds "9"]
[EventCountry "ITA"]
[SourceTitle "EXT 2013"]
[Source "ChessBase"]
[SourceDate "2012.11.22"]
[SourceVersion "1"]
[SourceVersionDate "2012.11.22"]
[SourceQuality "1"]

1. e4 c5 2. Nc3 Nc6 3. f4 g6 4. Nf3 Bg7 5. Bb5 a6 6. Bxc6 dxc6 7. 0-0 Nf6 8. d3 0-0 9. Qe1 Qc7 10. Qh4 h5 11. f5 Nh7 12. Bf4 Qd7 13. Ne5 Qd4+ 14. Kh1 Bxe5 15. fxg6 fxg6 16. Ne2 Qd6 17. Qg3 Bxf4 18. Nxf4 g5 19. e5 Qxe5 20. d4 cxd4 21. Qb3+ e6 22. Nxh5 Rxf1+ 23. Rxf1 Qe2 24. Ng3 Qe3 25. Qb4 Bd7 26. Re1 Qf4 27. Rf1 Qe5 28. Re1 a5 29. Qd2 Qg7 30. Nh5 Qf7 31. Ng3 Rf8 32. Qxa5 e5 33. Rg1 Qd5 34. Qe1 c5 35. c4 dxc3 36. bxc3 c4 37. Ne4 Bc6 38. Ng3 Rf4 39. Qb1 e4 40. Rd1 Qb5 41. Qc2 Qc5 42. Qe2 b5 43. Qh5 Kg7 44. Qh3 Nf6 45. Qe6 e3 46. Rd8 Bxg2+ 47. Kxg2 Rg4 48. h3 Rxg3+ 49. Kxg3 Qc7+ 50. Kf3 Qxd8 0-1

[Event "Brescia Province-ch"]
[Site "Provaglio"]
[Date "2012.03.30"]
[Round "5"]
[White "Ghidinelli, Giorgio"]
[Black "Dieli, Riccardo"]
[Result "1/2-1/2"]
[WhiteElo "1885"]
[BlackElo "1861"]
[PlyCount "85"]
[EventDate "2012.03.02"]
[EventType "swiss"]
[EventRounds "8"]
[EventCountry "ITA"]
[SourceTitle "EXT 2024"]
[Source "ChessBase"]
[SourceDate "2023.10.10"]
[SourceVersion "1"]
[SourceVersionDate "2023.10.10"]
[SourceQuality "1"]

1. d4 Nf6 2. Bg5 c5 3. c3 b6 4. Bxf6 exf6 5. e4 Be7 6. Nf3 0-0 7. Bd3 Bb7 8. 0-0 Nc6 9. Re1 Re8 10. Nbd2 Qc7 11. Nf1 Rad8 12. Ne3 Bf8 13. Nd5 Qb8 14. Qc2 Ne7 15. dxc5 Nxd5 16. exd5 Bxd5 17. Bxh7+ Kh8 18. Be4 Bxe4 19. Rxe4 Rxe4 20. Qxe4 bxc5 21. b3 g6 22. Qd5 Kg7 23. Rd1 Qc7 24. g3 d6 25. Re1 Qa5 26. b4 Qa4 27. Re3 cxb4 28. cxb4 Qxb4 29. Rb3 Qc5 30. Qd4 Qxd4 31. Nxd4 Rd7 32. Kf1 d5 33. Rb5 f5 34. Ke2 Kf6 35. f4 Ke7 36. Ra5 Kd6 37. a4 Bg7 38. Kd3 Bxd4 39. Kxd4 Kc6 40. Ra6+ Kb7 41. Rf6 Kc7 42. Ra6 Kb7 43. Rf6 1/2-1/2

[Event "Porto San Giorgio op 23rd"]
[Site "Porto San Giorgio"]
[Date "2011.08.23"]
[Round "3"]
[White "Arnetta, Maria Teresa"]
[Black "Dieli, Riccardo"]
[Result "1-0"]
[WhiteElo "2069"]
[BlackElo "1897"]
[PlyCount "51"]
[EventDate "2011.08.21"]
[EventType "swiss"]
[EventRounds "9"]
[EventCountry "ITA"]
[SourceTitle "CBM 144 Extra"]
[Source "ChessBase"]
[SourceDate "2011.10.28"]
[SourceVersion "1"]
[SourceVersionDate "2011.10.28"]
[SourceQuality "1"]

1. e4 c5 2. c3 Nc6 3. d4 cxd4 4. cxd4 e6 5. Nc3 a6 6. Nf3 Bb4 7. Bd3 Nge7 8. 0-0 d5 9. exd5 Nxd5 10. Ne4 Be7 11. a3 Nf6 12. Re1 0-0 13. Qc2 h6 14. Bd2 Qb6 15. Bc3 Rd8 16. Rad1 Bd7 17. Qe2 Nd5 18. Bb1 Rac8 19. Qc2 f5 20. Nc5 Bxc5 21. dxc5 Qxc5 22. Ba2 Re8 23. Rd3 b5 24. Qd2 Nxc3 25. bxc3 Nb8 26. Rxd7 1-0

[Event "Arco op 32nd"]
[Site "Arco"]
[Date "2010.10.16"]
[Round "1"]
[White "Dieli, Riccardo"]
[Black "Dittmar, Peter"]
[Result "0-1"]
[WhiteElo "1906"]
[BlackElo "2328"]
[PlyCount "56"]
[EventDate "2010.10.16"]
[EventType "swiss"]
[EventRounds "9"]
[EventCountry "ITA"]
[SourceTitle "CBM 138 Extra"]
[Source "ChessBase"]
[SourceDate "2010.10.29"]
[SourceVersion "1"]
[SourceVersionDate "2010.10.29"]
[SourceQuality "1"]

1. Nf3 d5 2. c4 d4 3. g3 Nc6 4. Bg2 e5 5. d3 Nf6 6. 0-0 Nd7 7. a3 a5 8. b3 Be7 9. Bb2 0-0 10. e3 Nc5 11. exd4 exd4 12. Re1 Bf6 13. Qc2 Bf5 14. Bf1 g5 15. h3 h5 16. Nbd2 g4 17. hxg4 hxg4 18. Nh2 Qd7 19. Ne4 Bxe4 20. dxe4 d3 21. Bxd3 Bxb2 22. Qxb2 Nxd3 23. Qd2 f6 24. Nxg4 Qxg4 25. Qxd3 Ne5 26. Qd5+ Kg7 27. Re3 Rad8 28. Qxa5 Rh8 0-1

[Event "Condino op"]
[Site "Condino"]
[Date "2009.07.28"]
[Round "3"]
[White "Dieli, Riccardo"]
[Black "Bouanani, Denis"]
[Result "1-0"]
[WhiteElo "1907"]
[BlackElo "1533"]
[PlyCount "209"]
[EventDate "2009.07.27"]
[EventType "swiss"]
[EventRounds "7"]
[EventCountry "ITA"]
[SourceTitle "CBM 131 Extra"]
[Source "ChessBase"]
[SourceDate "2009.09.03"]
[SourceVersion "2"]
[SourceVersionDate "2009.09.16"]
[SourceQuality "1"]

1. Nf3 d5 2. c4 e6 3. d4 Nf6 4. Bg5 Be7 5. e3 0-0 6. a3 Nbd7 7. c5 c6 8. Nc3 Re8 9. Bd3 h6 10. Bh4 b6 11. b4 Bb7 12. 0-0 b5 13. a4 a6 14. Qc2 Nh5 15. Bxe7 Qxe7 16. Nd2 e5 17. Nb3 e4 18. Be2 Nhf6 19. Na5 Nf8 20. Rfc1 Rec8 21. Ra3 Ne6 22. Rca1 Qc7 23. Qa2 Rab8 24. axb5 axb5 25. f3 exf3 26. Bxf3 Ba8 27. Qf2 Ng5 28. Nb3 Nxf3+ 29. Qxf3 Qe7 30. Nd2 Re8 31. Nd1 Ne4 32. Nxe4 Qxe4 33. Qxe4 dxe4 34. Nc3 Bb7 35. Ra7 f5 36. Kf2 Ra8 37. R7a2 Reb8 38. Kg3 Kh7 39. Rxa8 Rxa8 40. Rxa8 Bxa8 41. Kf4 Kg6 42. g4 fxg4 43. Kxg4 Bb7 44. Nxe4 Bc8+ 45. Kf4 Be6 46. Nc3 Kf6 47. e4 g5+ 48. Ke3 Bd7 49. d5 Ke5 50. d6 h5 51. Nd1 Be6 52. Nf2 Bd7 53. Nd3+ Ke6 54. Kd4 Bc8 55. Ne5 Bb7 56. h3 Kf6 57. d7 Ke7 58. d8Q+ Kxd8 59. Nf7+ Ke7 60. Nxg5 Bc8 61. Ke5 Bd7 62. h4 Bg4 63. Nh7 Be2 64. Nf6 Bf3 65. Ng8+ Kf8 66. Nh6 Ke7 67. Nf5+ Kf7 68. Nd6+ Ke7 69. Kf4 Bg4 70. e5 Ke6 71. Ke4 Bh3 72. Ne8 Bg4 73. Nf6 Be2 74. Kd4 Bd1 75. Ne4 Bg4 76. Nf2 Bf5 77. Ne4 Bg4 78. Ng5+ Ke7 79. Ke4 Kd7 80. Kf4 Ke7 81. Nf3 Ke6 82. Nd4+ Kd5 83. Nc2 Ke6 84. Ne1 Be2 85. Ke3 Bg4 86. Nd3 Kd5 87. Kf4 Ke6 88. Nf2 Be2 89. Ke3 Bc4 90. Kf4 Be2 91. Ne4 Bg4 92. Nf6 Be2 93. Ne8 Bg4 94. Nc7+ Kd7 95. Na6 Kc8 96. Kg5 Kd7 97. Kf6 Bh3 98. e6+ Ke8 99. Nc7+ Kd8 100. e7+ Kxc7 101. e8Q Bg4 102. Kg5 Kb7 103. Qxh5 Bxh5 104. Kxh5 Kc7 105. Kg6 1-0

[Event "Arco op 30th"]
[Site "Arco"]
[Date "2008.10.22"]
[Round "5"]
[White "Buck, Klaus Michael"]
[Black "Dieli, Riccardo"]
[Result "1-0"]
[WhiteElo "1804"]
[BlackElo "1943"]
[PlyCount "55"]
[EventDate "2008.10.18"]
[EventType "swiss"]
[EventRounds "9"]
[EventCountry "ITA"]
[SourceTitle "CBM 127 Extra"]
[Source "ChessBase"]
[SourceDate "2009.01.08"]
[SourceVersion "2"]
[SourceVersionDate "2009.01.28"]
[SourceQuality "1"]

1. b4 e5 2. a3 d5 3. Bb2 Bd6 4. e3 Nf6 5. Nf3 Bg4 6. Be2 Nbd7 7. h3 Bh5 8. 0-0 0-0 9. Nc3 c6 10. d3 Rc8 11. Nd2 Bxe2 12. Qxe2 Bb8 13. e4 Re8 14. Rac1 Re6 15. Nf3 h6 16. Rfd1 Nh5 17. g3 Rg6 18. Kh2 Rf6 19. exd5 Nf4 20. gxf4 Rxf4 21. Rg1 Rxf3 22. Ne4 Rf4 23. Rg3 cxd5 24. Rcg1 g6 25. Qh5 Qh4 26. Rxg6+ fxg6 27. Qxg6+ Kf8 28. Qg8+ 1-0

[Event "Arco op 30th"]
[Site "Arco"]
[Date "2008.10.21"]
[Round "4"]
[White "Dieli, Riccardo"]
[Black "Trauth, Michael"]
[Result "0-1"]
[WhiteElo "1943"]
[BlackElo "2165"]
[PlyCount "98"]
[EventDate "2008.10.18"]
[EventType "swiss"]
[EventRounds "9"]
[EventCountry "ITA"]
[SourceTitle "CBM 127 Extra"]
[Source "ChessBase"]
[SourceDate "2009.01.08"]
[SourceVersion "2"]
[SourceVersionDate "2009.01.28"]
[SourceQuality "1"]

1. Nf3 g6 2. c4 Nf6 3. g3 c5 4. Bg2 Bg7 5. 0-0 0-0 6. Nc3 Nc6 7. b3 a6 8. Bb2 Rb8 9. Nd5 Nxd5 10. Bxg7 Ne3 11. dxe3 Kxg7 12. Rc1 d6 13. Qd2 Bf5 14. Nh4 Be6 15. f4 f6 16. e4 Qc7 17. f5 Bf7 18. g4 g5 19. Nf3 Ne5 20. Nxe5 dxe5 21. Qe3 Rbd8 22. Rfd1 Rd4 23. Rxd4 cxd4 24. Qf2 Qa5 25. Rc2 Qc5 26. Rd2 b5 27. Bf1 bxc4 28. bxc4 Rb8 29. Rc2 Rb4 30. h4 h6 31. hxg5 hxg5 32. e3 dxe3 33. Qe2 Qd4 34. c5 Qxe4 35. c6 Bd5 36. Bg2 Rb1+ 37. Kh2 Qf4+ 38. Kh3 Rb8 39. Bxd5 Rh8+ 40. Kg2 Rh2+ 41. Kg1 Rxe2 42. Rxe2 Qxg4+ 43. Kf1 Qxf5+ 44. Kg2 Qd3 45. Bf3 e4 46. Bg4 f5 47. c7 fxg4 48. Rxe3 Qc2+ 49. Kf1 Qxc7 0-1

[Event "Arco op 30th"]
[Site "Arco"]
[Date "2008.10.19"]
[Round "2"]
[White "Dieli, Riccardo"]
[Black "Bonini, Roberto"]
[Result "1/2-1/2"]
[WhiteElo "1943"]
[BlackElo "1843"]
[PlyCount "79"]
[EventDate "2008.10.18"]
[EventType "swiss"]
[EventRounds "9"]
[EventCountry "ITA"]
[SourceTitle "CBM 127 Extra"]
[Source "ChessBase"]
[SourceDate "2009.01.08"]
[SourceVersion "2"]
[SourceVersionDate "2009.01.28"]
[SourceQuality "1"]

1. Nf3 d5 2. c4 c6 3. d4 Nf6 4. e3 Bf5 5. Nc3 a6 6. Bd2 e6 7. cxd5 cxd5 8. Qa4+ Nbd7 9. Nh4 b5 10. Qd1 Bg4 11. Be2 Bxe2 12. Qxe2 Be7 13. Rc1 Nb6 14. 0-0 0-0 15. Nf3 Nc4 16. b3 Nxd2 17. Nxd2 Rc8 18. f3 Qd7 19. Ndb1 Rc7 20. Rc2 Rfc8 21. Rfc1 Rc6 22. Nd1 R8c7 23. Nb2 Qc8 24. Rxc6 Rxc6 25. Rxc6 Qxc6 26. Nd3 g6 27. Qd2 Bd6 28. g3 Nd7 29. Qc3 Nb8 30. b4 Qc4 31. a3 Nc6 32. Kf2 e5 33. dxe5 Nxe5 34. Nxe5 Bxe5 35. Qxe5 Qc2+ 36. Kg1 Qxb1+ 37. Kg2 Qa2+ 38. Kh3 Qxa3 39. Qb8+ Kg7 40. Qe5+ 1/2-1/2